<?xml version="1.0" encoding="UTF-8"?>
<record
    xmlns:xsi="http://www.w3.org/2001/XMLSchema-instance"
    xsi:schemaLocation="http://www.loc.gov/MARC21/slim http://www.loc.gov/standards/marcxml/schema/MARC21slim.xsd"
    xmlns="http://www.loc.gov/MARC21/slim">

  <leader>01844nam a22002297a 4500</leader>
  <controlfield tag="005">20140424104307.0</controlfield>
  <datafield tag="010" ind1=" " ind2=" ">
    <subfield code="a">ENG-109236</subfield>
  </datafield>
  <datafield tag="020" ind1=" " ind2=" ">
    <subfield code="c">995.00</subfield>
    <subfield code="a">9780198089667</subfield>
  </datafield>
  <datafield tag="020" ind1=" " ind2=" ">
    <subfield code="c">995.00</subfield>
    <subfield code="a">019808966x</subfield>
  </datafield>
  <datafield tag="035" ind1=" " ind2=" ">
    <subfield code="a">EN-92769</subfield>
  </datafield>
  <datafield tag="037" ind1=" " ind2=" ">
    <subfield code="b">DBAD/PUB</subfield>
  </datafield>
  <datafield tag="082" ind1=" " ind2=" ">
    <subfield code="a">891.4409</subfield>
  </datafield>
  <datafield tag="100" ind1=" " ind2=" ">
    <subfield code="a">Chaudhury, Rosinka</subfield>
  </datafield>
  <datafield tag="245" ind1=" " ind2=" ">
    <subfield code="a">The literary thing :</subfield>
    <subfield code="c">by Rosinka Chaudhury </subfield>
    <subfield code="b">history, poetry and the making of a modern culture sphere /</subfield>
  </datafield>
  <datafield tag="260" ind1=" " ind2=" ">
    <subfield code="b">Oxford University Press</subfield>
    <subfield code="c">2014</subfield>
    <subfield code="a">New Delhi</subfield>
  </datafield>
  <datafield tag="270" ind1=" " ind2=" ">
    <subfield code="b">New Delhi</subfield>
    <subfield code="e">110001</subfield>
    <subfield code="a">YMCA Library Building, 1 Jai Singh Road</subfield>
  </datafield>
  <datafield tag="300" ind1=" " ind2=" ">
    <subfield code="a">lxvi,332p.</subfield>
    <subfield code="c">22cm(Hb)       </subfield>
  </datafield>
  <datafield tag="500" ind1=" " ind2=" ">
    <subfield code="a">Includes index</subfield>
  </datafield>
  <datafield tag="505" ind1=" " ind2=" ">
    <subfield code="a"> Disjunctions, Conjunctions - Reading Iswarchandra Gupta (1812-1859) - Poet of the Present: The Material Object in the World of Iswar Gupta - 'Another Wonder of the Nineteenth Century': Rangalal Bandyopadhyay (1827-1887) - Event, Anecdote, Iconicity: The Legend of Michael Madhusudan Datta - Michael Madhusudan Datta and the Marxist Understanding of the 'Real Renaissance' in Bengal - Hemchandra's 'Bharat sangit' (1870) and the Politics of Poetry: A Pre-History of Hindu Nationalism in Bengal - Cutlets or Fish Curry?: Debating Indian Authenticity - History in Poetry: Nabinchandra Sen's Palasir yuddha (1875) and the Question of Truth - The Curious Case of Nabinchandra Sen and the Textbook Committee: An Investigation into Hindu/Muslim Representations - Rabindranath's Early Style and Reconstruction of the Past.</subfield>
  </datafield>
  <datafield tag="520" ind1=" " ind2=" ">
    <subfield code="a">Mapping a fifty-year period that is fundamental to any understanding of nineteenth-century Bengal - 1831 to 1881, this book focuses on literary debates generated around the works of Iswarchandra Gupta, Rangalal Bandyopadhyay, Madhusudan Datta, Hemchandra Bandyopadhyay, Nabinchandra Sen, and Rabindranath Tagore. </subfield>
  </datafield>
  <datafield tag="942" ind1=" " ind2=" ">
    <subfield code="2">ddc</subfield>
    <subfield code="c">EN</subfield>
    <subfield code="m">CHA</subfield>
    <subfield code="h">891.4409</subfield>
  </datafield>
  <datafield tag="999" ind1=" " ind2=" ">
    <subfield code="c">82292</subfield>
    <subfield code="d">82292</subfield>
  </datafield>
  <datafield tag="952" ind1=" " ind2=" ">
    <subfield code="0">0</subfield>
    <subfield code="1">0</subfield>
    <subfield code="4">0</subfield>
    <subfield code="7">1</subfield>
    <subfield code="8">NFIC</subfield>
    <subfield code="a">DBAD</subfield>
    <subfield code="b">DBAD</subfield>
    <subfield code="d">2014-01-31</subfield>
    <subfield code="e">DBAD/PUB</subfield>
    <subfield code="g">995.00</subfield>
    <subfield code="l">0</subfield>
    <subfield code="o">891.4409 CHA</subfield>
    <subfield code="p">EN-92769</subfield>
    <subfield code="r">2014-01-31 00:00:00</subfield>
    <subfield code="t">1</subfield>
    <subfield code="v">995.00</subfield>
    <subfield code="y">EN</subfield>
  </datafield>
</record>
